00493 2200205 4500001002100000005001500021035002000036007000300056008004100059020001800100082001000118084001600128100001100144245004000155250000600195260003200201300003100233700000600264990001700270INLIS00000000000005020230223091204 a0010-0223000017ta230223 b 0 ind  a979-8399-00-5 a959.8 a959.8 RUD s0 aRudini1 aSulawesi Tengah /cDrs.Soemargono.K a- aJakarta :bIntermasa,c1992 a375 :bilus. ;c23.5 cme-0 a- a00007/R/1995